000 00690nam a2200241Ia 4500
003 OSt
005 20220926013300.0
006 a|||||r|||| 00| 0
007 ta
008 220923b |||||||| |||| 00| 0 eng d
020 _a0745005373
037 _cGeneral Book
040 _aRTL
_cRTL
_beng
041 _2eng
_aeng
082 _aX:72, M9
100 _aBlinder Alan S.
_9129084
245 0 _aMacroeconomics under debate
260 _aNew York
_bHarvester Wheatwheaf USA
_c1989
300 _axiii, 199p, Bib chapterwise ; Appendix p 191-93
_ccm.
650 _aMacroeconomics
_9186166
942 _hX:72, M9
_cGB
_2CC
999 _c625589
_d625589